| 000 | nam a22 a 4500 | ||
|---|---|---|---|
| 999 |
_c192752 _d192752 |
||
| 003 | BLK | ||
| 005 | 20230223164423.0 | ||
| 008 | 180411b bul|||||r ||||||| ||bul|| | ||
| 010 | _aKNG00201952000 | ||
| 040 | _aBLK | ||
| 041 |
_aBUL _cBUL |
||
| 080 |
_aМатематичен анализ. Теория на реалните числа, аксиоматически формули, неравенства, основни свойства на функциите, непрекъснатост, монотонност, изучаване на отд. функции. Вж и 510.2/.6 _b517 _x(075.8) _z517(075.8) |
||
| 139 |
_aРъководство за упражнения по математичен анализ _bР 97 |
||
| 245 | 1 | 0 |
_aРъководство за упражнения по математичен анализ _bЗа студентите от ТУ А. Кънчев - Русе : Ч. 1 - _cавт. на том Стефан Василев Генчев. _nЧ. 2. _pРъководство за упражнения по математичен анализ - II част |
| 250 | _a2. прераб. изд. | ||
| 257 | _aBGR | ||
| 260 |
_aРусе _bТУ Ангел Кънчев _c1992 |
||
| 300 | _c21 см | ||
| 380 | _a5 | ||
| 650 | 4 |
_aМатематически анализ - учебници за ВУЗ _9247186 |
|
| 700 | 1 |
_aГенчев, Стефан Василев _eавт. на том _9385063 |
|
| 760 | 1 |
_b2. прераб. изд. _d1992 _h120 с. : с черт. _nДруги авт. : Ц. Рашкова, М. Пеева, Е. Великова, Т. Стоянова, З. Милушев. - 1. изд. 1986 с авт. З. В. Милушев, М. Неделчева, М. Ц. Пеева, Ц. Г. Рашкова, С. А. Терзиян, Ст. Г. Филев. _tЧ. 2. Ръководство за упражнения по математичен анализ - II част |
|
| 852 | _aЦб 169190 | ||
| 856 | 4 |
_qpdf _i0.00 _ldisable |
|
| 856 | 4 |
_qpdf _i0.00 _ldisable |
|
| 942 |
_cKNG _n0 _s1 |
||
| 944 |
_aCR _c28.02.2017 _kНора_Радева |
||
| 944 |
_aED _c28.02.2017 _kНора_Радева |
||
| 999 | _d192752 | ||